000 00369nam a2200169Ia 4500
001 9645
005 20250626030243.0
008 211022s9999 xx 000 0 und d
082 _a220.52 GOO
100 _aGood News Publishers
245 0 _aHoly Bible (ESV) :
260 _a"Wheaton, ILL."
260 _bCrossway
260 _c2002
300 _a1074
942 _cBK
999 _c8997
_d8997